000 00399nam a2200145 i 4500
001 bg
100 1 _aSTOLOVIC, N. N.
245 0 _aTemperaturnyje zavisimosti teplofiziceskich svojstv nekotorych metallov /
_cN.N. Stolovic, N.S. Minickaja.
260 _aMinsk,
_c1975.
700 1 _aMINICKAJA, N. S.
040 _cBPK
041 _apol
942 _cKS
008 s pl f |000 0 pol
999 _c26776
_d26776
856 _uhttp://koha.tu.koszalin.pl/cgi-bin/koha/opac-detail.pl?biblionumber=26776
_yKatalog online BPK